| 000 | 00399cam a22001217a 4500 | ||
|---|---|---|---|
| 008 | 180718b1972 xxu||||| |||| 00| 0 eng d | ||
| 082 | _aA81x54 In2/71/Mon4 | ||
| 100 | _aCensus of India 1971 | ||
| 245 | _aCivil registration system in India - a perspective | ||
| 260 |
_aDelhi _bThe Manager of Publications _c1972 |
||
| 300 | _a213+p. | ||
| 440 | _aCensus of India 1971. Census Centenary Monograph No. 4 | ||
| 999 |
_c484827 _d484827 |
||